Las técnicas de litigación oral en el proceso penal/ (Registro nro. 8090)

Detalles MARC
000 -LEADER
fixed length control field 01184nam a2200193Ia 4500
005 - FECHA Y HORA DE LA ÚLTIMA TRANSACCIÓN
control field 20230508182806.0
008 - FIXED-LENGTH DATA ELEMENTS--GENERAL INFORMATION
fixed length control field 230506s9999 xx 000 0 und d
040 ## - CATALOGING SOURCE
Original cataloging agency UPAN
Transcribing agency Biblioteca San Vicente
Description conventions RCAA2
041 ## - LANGUAGE CODE
Language code of text/sound track or separate title spa
082 ## - DEWEY DECIMAL CLASSIFICATION NUMBER
Classification number 345.057 284
Item number Qu566t
100 ## - MAIN ENTRY--PERSONAL NAME
Personal name Quiñones Vargas, Hector
Relator code aut.
245 #0 - TITLE STATEMENT
Title Las técnicas de litigación oral en el proceso penal/
Remainder of title Hèctor Quiñones Vargas
250 ## - EDITION STATEMENT
Edition statement 1ª ed.
260 ## - PUBLICATION, DISTRIBUTION, ETC. (IMPRINT)
Place of publication, distribution, etc El Salvador:
Name of publisher, distributor, etc Maya,
Date of publication, distribution, etc 2003
300 ## - PHYSICAL DESCRIPTION
Extent 300 p.:
Dimensions 22 cm.
505 ## - FORMATTED CONTENTS NOTE
Formatted contents note Primera parte. Reflexiones sobre el proceso penal salvadoreño y su sistema oral<br/>Capitulo I. Principios del proceso penal y los actos procesales<br/>Capitulo II. La actividad probatoria<br/>Capitulo III. Etapas iniciales del proceso<br/>Capitulo IV. El rol de los participantes en el proceso<br/>Capitulo V. Factores externos que influyen en el proceso<br/>Capitulo VI. El abogado litigante<br/>Capitulo VII. El interrogatorio directo<br/>Capitulo VIII. Las objeciones<br/>Capitulo IX. El contra interrogatorio<br/>Capitulo X. La refutaciòn de testigos<br/>Capitulo XI. El alegato de clausura<br/>Capitulo XII. Principios èticos de la profesiòn
650 ## - SUBJECT ADDED ENTRY--TOPICAL TERM
Source of heading or term LEMB
Topical term or geographic name as entry element Procedimiento Penal
942 ## - ADDED ENTRY ELEMENTS (KOHA)
Koha item type Libros
Source of classification or shelving scheme Dewey Decimal Classification
Existencias
Withdrawn status Lost status Source of classification or shelving scheme Damaged status Not for loan Collection code Home library Current library Date acquired Total Checkouts Full call number Barcode Date last seen Copy number Price effective from Koha item type
    Dewey Decimal Classification     Colección General Biblioteca UPAN San Vicente Biblioteca UPAN San Vicente 06/05/2023   345.057 284 Qu566t 12000746 06/05/2023 01 06/05/2023 Libros
    Dewey Decimal Classification     Colección General Biblioteca UPAN San Vicente Biblioteca UPAN San Vicente 06/05/2023   345.057 284 Qu566t 12000750 08/05/2023 02 06/05/2023 Libros
    Dewey Decimal Classification     Colección General Biblioteca UPAN San Vicente Biblioteca UPAN San Vicente 06/05/2023   345.057 284 Qu566t 12000751 08/05/2023 03 06/05/2023 Libros
    Dewey Decimal Classification     Colección General Biblioteca UPAN San Vicente Biblioteca UPAN San Vicente 06/05/2023   345.057 284 Qu566t 12000749 08/05/2023 04 06/05/2023 Libros
    Dewey Decimal Classification     Colección General Biblioteca UPAN San Vicente Biblioteca UPAN San Vicente 06/05/2023   345.057 284 Qu566t 12000748 08/05/2023 05 06/05/2023 Libros
    Dewey Decimal Classification     Colección General Biblioteca UPAN San Vicente Biblioteca UPAN San Vicente 06/05/2023   345.057 284 Qu566t 12000747 08/05/2023 06 06/05/2023 Libros